|
|
|
|
| LEADER |
01852nam a2200469 4500 |
| 001 |
ocn965142324 |
| 003 |
OCoLC |
| 005 |
20180501122033.0 |
| 006 |
m o d |
| 007 |
cr |n||||||||| |
| 008 |
161202s2016 enk o 001 0 eng d |
| 040 |
|
|
|a YDX
|b eng
|e pn
|c YDX
|d OPELS
|d OCLCQ
|d OCLCF
|d N$T
|d OCLCQ
|d IDEBK
|d MERUC
|d OCLCQ
|d OHS
|d OCLCO
|d GrThAP
|
| 020 |
|
|
|a 9780128096246
|q (electronic bk.)
|
| 020 |
|
|
|a 0128096241
|q (electronic bk.)
|
| 020 |
|
|
|a 0128093927
|
| 020 |
|
|
|a 9780128093924
|
| 035 |
|
|
|a (OCoLC)965142324
|
| 050 |
|
4 |
|a QR46
|
| 072 |
|
7 |
|a SCI
|x 008000
|2 bisacsh
|
| 072 |
|
7 |
|a SCI
|x 045000
|2 bisacsh
|
| 082 |
0 |
4 |
|a 579.3
|2 23
|
| 049 |
|
|
|a TEFA
|
| 245 |
0 |
0 |
|a Imaging bacterial molecules, structures and cells /
|c edited by Colin Harwood and Grant J. Jensen.
|
| 260 |
|
|
|a London, United Kingdom :
|b Academic Press is an imprint of Elsevier,
|c 2016.
|
| 300 |
|
|
|a 1 online resource.
|
| 336 |
|
|
|a text
|b txt
|2 rdacontent
|
| 337 |
|
|
|a computer
|b c
|2 rdamedia
|
| 338 |
|
|
|a online resource
|b cr
|2 rdacarrier
|
| 490 |
1 |
|
|a Methods in microbiology ;
|v volume 43
|
| 500 |
|
|
|a Includes index.
|
| 588 |
0 |
|
|a Print version record.
|
| 650 |
|
0 |
|a Bacteriology.
|
| 650 |
|
2 |
|a Bacteriology.
|0 (DNLM)D001432
|
| 650 |
|
7 |
|a SCIENCE
|x Life Sciences
|x Biology.
|2 bisacsh
|
| 650 |
|
7 |
|a SCIENCE
|x Life Sciences
|x Microbiology.
|2 bisacsh
|
| 650 |
|
7 |
|a Bacteriology.
|2 fast
|0 (OCoLC)fst00825257
|
| 655 |
|
4 |
|a Electronic books.
|
| 700 |
1 |
|
|a Harwood, Colin,
|e editor.
|
| 700 |
1 |
|
|a Jensen, Grant J.,
|e editor.
|
| 776 |
0 |
8 |
|i Print version:
|t Imaging bacterial molecules, structures and cells.
|d London, United Kingdom : Academic Press is an imprint of Elsevier, 2016
|z 0128093927
|z 9780128093924
|w (OCoLC)954224087
|
| 830 |
|
0 |
|a Methods in microbiology ;
|v v. 43.
|
| 856 |
4 |
0 |
|u https://www.sciencedirect.com/science/bookseries/05809517/43
|z Full Text via HEAL-Link
|